| 000 | 03847nam a2200481 a 4500 | ||
|---|---|---|---|
| 003 | CHAP | ||
| 005 | 20241007135825.0 | ||
| 007 | cr ||||||a|c|a | ||
| 008 | 101122s2010 mx r 00010 spa d | ||
| 035 | _a111554 | ||
| 040 | _cCHAP | ||
| 090 | _aTesis | ||
| 100 | 1 |
_aOlguín Hernández, Gildardo. _983004 |
|
| 245 | 1 | 0 |
_aIdentificación y caracterización morfológica cultural y molecular de hongos asociados a Sechium edule (Jacq.) Sw. en México _c/por Gildardo Olguín Hernández; director de tesis Jorge Cadena Iñiguez. |
| 264 |
_aChapingo, Méx. : _bEl autor, _c2010 |
||
| 300 |
_a1 recurso en línea (118 páginas): _bcuadros, figuras. |
||
| 336 |
_2rdacontent _atexto _btxt |
||
| 337 |
_2rdamedia _acomputadora _bc |
||
| 338 |
_2rdacarrier _arecursos en línea _bcr |
||
| 502 |
_bIAEPA _cParasitología _d2010. _gLIC |
||
| 520 | _aEl chayote (Sechium edule (Jacq) Sw., es un producto no tradicional de exportación cuyo uso principal es alimentario. Actualmente su comercialización a gran escala en México y Centro América, recae en la variedad var. Virens levis denominada chayote verde liso. De las limitantes más importantes como cultivo, se ubican las enfermedades fúngicas, donde se carece de su identificación precisa. Se desarrolló una investigación en huertas comerciales de chayote en la región centro de Veracruz, México con el objeto de identificar los organismos fúngicos asociados a sintomatologías que dañan el cultivo; se realizaron colectas de hojas, tallos, guías y raíces, con daño asociado a síntomas de enfermedades. La identificación y caracterización fue morfológica, cultural y molecular, mediante cultivo en PDA, comparación de estructuras típicas con claves de identificación, microscopía óptica, electrónica de barrido y a través de PCR alineando las secuencias obtenidas con el National Center for Biotechnology Information (NCBI). Los organismos identificados y asociados se obtuvieron de pudrición de raíz, necrosis de tallos y ahogamiento de guías, siendo Fusarium oxysporum, F. sambucinum, Nigrospora oryzae, Colletotrichum gloeosporioides, Alternaria alternata respectivamente. Resalta la ubicación de Erisyphe cichoracearum y Pseudoperonospora cubensis como dos organismos biotróficos asociados a láminas foliares, causantes de la cenicilla y mildiu respectivamente. Para pudrición de raíz, se asoció la presencia de Phyllophaga spp., y Diabrotica spp., como causales indirectas de la invasión de los hongos por lesiones. Se describen nuevas características morfológicas relacionadas con ornamentaciones para E. cichoracearum. La caracterización morfológica y la alineación de los organismos con el NCBI fue de 95 a 100 % de homología en nucleótidos de las regiones ITS, sugiriendo la existencia de microorganismos asociados a sintomatología de enfermedades en chayote. | ||
| 590 |
_aALEPH _b10 _c20130110 |
||
| 590 |
_aBATCH-UPD _b10 _c20130110 |
||
| 590 |
_aBATCH-UPD _b10 _c20130410 |
||
| 590 |
_aBATCH-UPD _b10 _c20130914 |
||
| 590 |
_aBATCH-UPD _b10 _c20140324 |
||
| 590 |
_aBATCH-UPD _b10 _c20141002 |
||
| 590 |
_aCONVERSION _b10 _c20130109 |
||
| 650 | 1 | 4 |
_aChayote _xEnfermedades. _922083 |
| 650 | 1 | 4 |
_aChayote _xFisiología y morfología. _922085 |
| 650 | 1 | 4 |
_aChayote _xVeracruz. |
| 650 | 1 | 4 |
_aHongos fitopatógenos. _956132 |
| 650 | 1 | 4 |
_aMicroorganismos patógenos. _975528 |
| 650 | 1 | 4 |
_aPudrición de la raíz. _992840 |
| 700 | 1 |
_aCadena Iñiguez, Jorge _9128146 _eDirector de tesis. |
|
| 856 |
_uhttp://10.13.5.2/tesis/111554.pdf _zDESCARGAR PDF |
||
| 901 | _aBK | ||
| 942 |
_cTD _2Clasificación Universidad Autónoma Chapingo |
||
| 949 |
_aTesis _bBC _cTES _d33724002223009 _eTS2 _fc.2 _gDonaciØn _h51493 _i111554 _st |
||
| 949 |
_aTesis _bBC _cTES _d33724002223040 _eTS1 _gDonaciØn _h51492 _i111554 _st |
||
| 999 |
_c99896 _d99896 |
||